English for academic and professional purposes / (Record no. 600)
[ view plain ]
| 000 -LEADER | |
|---|---|
| fixed length control field | 00726nam a22002057a 4500 |
| 005 - DATE AND TIME OF LATEST TRANSACTION | |
| control field | 20230126032131.0 |
| 008 - FIXED-LENGTH DATA ELEMENTS--GENERAL INFORMATION | |
| fixed length control field | 230123b |||||||| |||| 00| 0 eng d |
| 020 ## - INTERNATIONAL STANDARD BOOK NUMBER | |
| International Standard Book Number | 978-621-8070-28-8 |
| 082 ## - DEWEY DECIMAL CLASSIFICATION NUMBER | |
| Classification number | Fil. 411 Ig24 2008 |
| 100 ## - MAIN ENTRY--PERSONAL NAME | |
| Personal name | Ignacio, Vanessa N., |
| Relator term | author. |
| 245 ## - TITLE STATEMENT | |
| Title | English for academic and professional purposes / |
| Statement of responsibility, etc. | Vanessa N. Ignacio, Michael A.Dar Santos, Rica delos Reyos - Ancheta. |
| 250 ## - EDITION STATEMENT | |
| Edition statement | 1st ed. |
| 260 ## - PUBLICATION, DISTRIBUTION, ETC. | |
| Place of publication, distribution, etc. | Manila : |
| Name of publisher, distributor, etc. | Fastbooks Educational Supply, |
| Date of publication, distribution, etc. | c2018. |
| 300 ## - PHYSICAL DESCRIPTION | |
| Extent | 2019p,; |
| Other physical details | ill. |
| 541 ## - IMMEDIATE SOURCE OF ACQUISITION NOTE | |
| Accession number | 6200 c.1, 6201 c.2, 6202 c.3, 6203 c.4 |
| 650 ## - SUBJECT ADDED ENTRY--TOPICAL TERM | |
| Topical term or geographic name entry element | Writing |
| 650 ## - SUBJECT ADDED ENTRY--TOPICAL TERM | |
| Topical term or geographic name entry element | English language |
| General subdivision | Study and teaching |
| 700 ## - ADDED ENTRY--PERSONAL NAME | |
| Personal name | Dar Santos, Michael A., |
| Relator term | author. |
| 700 ## - ADDED ENTRY--PERSONAL NAME | |
| Personal name | Ancheta, Rica D., |
| Relator term | author. |
| Withdrawn status | Lost status | Source of classification or shelving scheme | Damaged status | Not for loan | Home library | Current library | Date acquired | Total Checkouts | Full call number | Barcode | Date last seen | Copy number | Price effective from | Koha item type |
|---|---|---|---|---|---|---|---|---|---|---|---|---|---|---|
| Dewey Decimal Classification | ctu-moalboal | ctu-moalboal | 10/14/2019 | Fil 411 Ig24 2018 | 6200 | 01/23/2023 | 1 | 01/23/2023 | Books-Filipiniana | |||||
| Dewey Decimal Classification | ctu-moalboal | ctu-moalboal | 10/14/2019 | Fil 411 Ig24 2018 | 6201 | 01/23/2023 | 2 | 01/23/2023 | Books-Fiction | |||||
| Dewey Decimal Classification | ctu-moalboal | ctu-moalboal | 10/14/2019 | Fil 411 Ig24 2018 | 6202 | 01/23/2023 | 3 | 01/23/2023 | Books-Fiction | |||||
| Dewey Decimal Classification | ctu-moalboal | ctu-moalboal | 10/14/2019 | Fil 411 Ig24 2018 | 6203 | 01/23/2023 | 4 | 01/23/2023 | Books-Fiction |